00413nam a2200121Ia 4500008004100000024004800041082001800089100005400107245004400161260002600205600002700231650003300258260210s9999 xx 000 0 und d a11B-140-EL, 11B-155-EL & 11B-159-EL a629.83072 SOH aSohaib Ahmed, Jahangir Khan & Yusra Ajmal Rai 0aFurnace Control & Protection System aKarachi:bUITU,c2011 aElectronic Engineering aBachelor of Engineering (BE)